| 000 | 01101nam a2200241 i 4500 | ||
|---|---|---|---|
| 001 | 153452 | ||
| 003 | ES-MaACL | ||
| 005 | 20260201063016.0 | ||
| 008 | 030324m18921908fr a |||| | fre d | ||
| 040 |
_aGA _bspa _cCCPB | B |
||
| 100 | 1 |
_aWurtz, Adolphe, _d1817-1884 _9159349 |
|
| 245 | 1 | 0 |
_aDeuxième supplément au Dictionnaire de chimie pure et appliquée / _cde Ad. Wurtz publié sous la direction de Ch. Friedel... ; avec la collaboration de P. Adam ... [et al.]. |
| 260 |
_aParis : _bLibrairie Hachette et Cie, _c1892-1908. |
||
| 300 |
_a7 vol.(1585, 789, 945, 648, 1024, 1058 p.) : _bil. ; _c24 cm. |
||
| 505 | 8 | _aContiene: I. A-B. - 1892. -- [II.] C. - 1894 -- III. D-E. - 1897 -- IV. F-G. - 1901 -- V. H. - 1906 -- VI. I-Plu. - 1907 --VII. Pod-Zym. - 1908 | |
| 650 | 0 | 4 |
_aQuímica- _vDiccionarios. _916626 |
| 650 | 4 |
_aMineralogía- _vDiccionarios. _9159350 |
|
| 650 | 0 | 4 |
_aQuímica- _vDiccionarios. _916626 |
| 700 | 1 | 1 |
_aAdam, P. _9125540 |
| 700 | 1 |
_aFriedel, Charles ( _d1832-1899) _952617 |
|
| 852 |
_aES-MaACL _jB-5249-55 _z-- Enc. pasta española |
||
| 999 |
_c153452 _d153452 |
||